مكتبة جامعة عجلون الوطنية

فهرس بحث المكتبة

Normal view MARC view
  • الخطوط العربية-الخط العربي-قواعد خط التعليق

Entry Topical Term

Number of records used in: 1

001 - CONTROL NUMBER

  • control field: 9643

003 - CONTROL NUMBER IDENTIFIER

  • control field: JO-AjAnu

005 - DATE AND TIME OF LATEST TRANSACTION

  • control field: 20230606071842.0

008 - FIXED-LENGTH DATA ELEMENTS

  • fixed length control field: 230606|| aca||aabn | a|a d

040 ## - CATALOGING SOURCE

  • Original cataloging agency: JO-AjAnu
  • Transcribing agency: JO-AjAnu

150 ## - HEADING--TOPICAL TERM

  • Topical term or geographic name entry element: الخطوط العربية-الخط العربي-قواعد خط التعليق

670 ## - SOURCE DATA FOUND

  • Source citation: Work cat.: (JO-AjAnu)4973: الزهاوي،خليل, author 9642, كراسة الخط العربي قواعد خط التعليق بخط الحاج خليل الزهاوي، ج1